Spoločná poľnohospodárska politika EÚ a poľnohospodárska politika SR v procese prípravy vstupu do EÚ

Spoločná poľnohospodárska politika /SPP/ ako jedna z najkomplikovanejších otázok pri rozširovaní EÚ o SVE. Neúplná liberalizácia agrárnej politiky v EÚ a ochranárske prvky. Nevyhnutnosť zvýšenia konkurencieschopnosti poľnohospodárstva. Zásadné rozdiely v súčasnom poľnohospodárstve EÚ a krajín SVE. D...

Descrizione completa

Salvato in:
Dettagli Bibliografici
Autore principale: Gavaľová, Viera
Natura: Capitolo di libro
Lingua:slovacco
Soggetti:
Tags: Aggiungi Tag
Nessun Tag, puoi essere il primo ad aggiungerne!!

MARC

LEADER 00000naa a2200000 4500
001 r048176
005 20221129112349.4
041 0 |a slo 
044 |a SK 
245 1 0 |a Spoločná poľnohospodárska politika EÚ a poľnohospodárska politika SR v procese prípravy vstupu do EÚ  |c Viera Gavaľová 
520 |a Spoločná poľnohospodárska politika /SPP/ ako jedna z najkomplikovanejších otázok pri rozširovaní EÚ o SVE. Neúplná liberalizácia agrárnej politiky v EÚ a ochranárske prvky. Nevyhnutnosť zvýšenia konkurencieschopnosti poľnohospodárstva. Zásadné rozdiely v súčasnom poľnohospodárstve EÚ a krajín SVE. Dotácie do poľnohospodárstva. Vývoj zamestnanosti v poľnohospodárstve SR. Konkurencieschopnosť slovenských agrárnych produktov. 
610 2 0 |a politika poľnohospodárska 
610 2 0 |a Európska únia 
610 2 0 |a SVE 
610 2 0 |a Slovensko 
610 2 0 |a integrácia ekonomická 
610 2 0 |a poľnohospodárstvo 
610 2 0 |a dotácie 
610 2 0 |a zamestnanosť 
100 1 |a Gavaľová, Viera